000
00196 a2200097 4500
020
_a
9684199511
041
_a
spa
100
_a
Heller,Ruth
245
_a
Las Gallinas no son las Unicas
942
_c
BK
999
_c
31732
_d
31730